K sedemdesiatke prof. Jána Komorovského

Bibliographic Details
Main Author: Michálek, Ján, 1932-2020 (Author)
Format: Article
Language:Slovak
Subjects:

MARC

LEADER 00000nab a2200000 a 4500
001 vtls000517861
003 SK-MaSNL
005 20260304091937.0
008 250425c1994 xo 0 slo
015 |a SNBRB19rr/mm-uuuuu 
035 |a CL0517999 
035 |a urn:nbn:sk:snk-ab2hpo 
035 |a (urnnbn)urn:nbn:sk:snk:ar-a02fs4 
035 |a (uuid)82b9eaa1-af4f-4164-a75c-443a19b53f36 
040 |a SNKBUCL  |b slo  |c SNKBUCL  |e AACR2 
041 0 |a slo 
044 |a xo  |c SK 
080 |a 39-051  |2 1981 
080 |a 801-051  |2 1981 
080 |a 82:929:885.4  |2 1981 
080 |a 929 Komorovský, Ján  |2 1981 
100 1 |a Michálek, Ján,  |d 1932-2020  |4 aut  |9 221785 
245 1 0 |a K sedemdesiatke prof. Jána Komorovského  |c Ján Michálek 
600 1 7 |a Komorovský, Ján,  |d 1924-2012  |2 snkbucl  |9 16247 
655 7 |a články z novín a časopisov  |2 snkbucl  |9 267496 
773 0 |t Slavica slovaca  |g Roč. 29, č. 1 (1994), s. 64-65 
850 |a Slovenská národná knižnica 
852 |a Slovenská národná knižnica 
954 |a odborná, vedecká literatúra pôvodná (slovenská)  |2 lita 
958 |a article27 
958 |a BX 
958 |a RK 
958 |a OND 
958 |a EUIPO 
992 |a RBX 
999 |c 2817513  |d 2819443